| 000 | 00810nam a2200289 a 4500 | ||
|---|---|---|---|
| 003 | AR-BaBNM | ||
| 005 | 20251128203836.0 | ||
| 008 | 082120s2002 ||||||||||||||000 | spa|| | ||
| 040 | _cAR-BaBNM | ||
| 100 | 1 | _aGreen, Constance McLaughlin | |
| 245 | 0 | 0 | _aEl crecimiento urbano de Estados Unidos |
| 250 | _a1ª ed. | ||
| 260 |
_aBuenos Aires _bEdiciones Infinito _c1968 |
||
| 300 | _a190 p. | ||
| 490 | 0 |
_aBiblioteca de planeamiento y vivienda _vv. 11 |
|
| 500 | _aContiene referencias bibliográficas en p. 183 | ||
| 650 | 4 | _aHISTORIA POLITICA | |
| 650 | 4 | _aHISTORIA ECONOMICA | |
| 650 | 4 | _aURBANISMO | |
| 650 | 4 | _aSOCIOLOGIA URBANA | |
| 650 | 4 | _aDEMOGRAFIA | |
| 650 | 4 | _aGEOGRAFIA HUMANA | |
| 651 | 4 | _aEstados Unidos | |
| 700 | 1 |
_aSetaro, Flora _etraductor |
|
| 942 | _cBK | ||
| 998 | _cMARTIN | ||
| 999 |
_c5138 _d5138 |
||